[Event "Bucharest-ch"]
[Site "Bucharest"]
[Date "2022.05.22"]
[Round "7"]
[White "Coicev, Matei Andrei"]
[Black "Raducanu, Andrei Augustin"]
[Result "1-0"]
[WhiteElo "1997"]
[BlackElo "1994"]
[PlyCount "101"]
[EventDate "2022.05.19"]
[EventType "swiss"]
[EventRounds "7"]
[EventCountry "ROU"]
[SourceTitle "EXT 2023"]
[Source "ChessBase"]
[SourceDate "2022.10.05"]
[SourceVersion "1"]
[SourceVersionDate "2022.10.05"]
[SourceQuality "1"]

1. e4 d6 2. d4 Nf6 3. Nc3 e5 4. Nf3 Nbd7 5. Bc4 Be7 6. 0-0 0-0 7. Re1 c6 8. a4 a5 9. h3 Nb6 10. Ba2 Nfd7 11. dxe5 dxe5 12. Be3 Qc7 13. Ng5 Bxg5 14. Bxg5 Nc5 15. Be3 Ne6 16. Qf3 Kh8 17. Qg3 Nf4 18. Rad1 Nd7 19. Rd2 b6 20. Red1 Nf6 21. Bxf4 exf4 22. Qf3 Qe5 23. Qd3 Qg5 24. Kh1 Qh4 25. Qf3 Qh6 26. Kg1 Qg5 27. Rd8 Be6 28. Rxa8 Rxa8 29. Bxe6 fxe6 30. Rd6 Re8 31. Qd3 Qc5 32. Qd4 Qg5 33. f3 c5 34. Qd2 c4 35. Rxb6 Qc5+ 36. Qf2 Qc8 37. Rd6 Rd8 38. Qd4 Rxd6 39. Qxd6 h6 40. Nb5 Ne8 41. Qxf4 Qc5+ 42. Kh2 Nf6 43. Qd6 Qe3 44. Nd4 Ne8 45. Qf8+ Kh7 46. Nxe6 c3 47. bxc3 Qxc3 48. Qxe8 Qe5+ 49. f4 Qc3 50. Qf7 Qb2 51. Qxg7+ 1-0

[Event "Bucharest-ch"]
[Site "Bucharest"]
[Date "2022.05.22"]
[Round "6"]
[White "Raducanu, Andrei Augustin"]
[Black "Frent Lung, Gheorghe"]
[Result "1-0"]
[WhiteElo "1994"]
[BlackElo "1489"]
[PlyCount "155"]
[EventDate "2022.05.19"]
[EventType "swiss"]
[EventRounds "7"]
[EventCountry "ROU"]
[SourceTitle "EXT 2023"]
[Source "ChessBase"]
[SourceDate "2022.10.05"]
[SourceVersion "1"]
[SourceVersionDate "2022.10.05"]
[SourceQuality "1"]

1. e4 e5 2. Nf3 Nc6 3. Bb5 a6 4. Ba4 Nf6 5. 0-0 Be7 6. Re1 b5 7. Bb3 d6 8. c3 0-0 9. h3 Na5 10. Bc2 c5 11. d4 Qc7 12. d5 Nc4 13. Nbd2 Nb6 14. Nf1 Re8 15. Ng3 Bd7 16. Nh2 Qc8 17. Nh5 b4 18. Nxf6+ Bxf6 19. Ng4 Bh4 20. Ne3 Qd8 21. Qf3 Ra7 22. cxb4 cxb4 23. Nf5 Bxf5 24. Qxf5 Rc7 25. Bd3 a5 26. Bb5 Ree7 27. g3 Bf6 28. g4 Nd7 29. Bc6 g6 30. Qf3 Bg7 31. Be3 f6 32. a3 Rc8 33. Rec1 Nb8 34. Qd1 Rf7 35. axb4 axb4 36. Bb5 f5 37. Rxc8 Qxc8 38. Rc1 Qb7 39. Bc6 Qa6 40. Ra1 Qc4 41. Ra8 Rf8 42. exf5 gxf5 43. gxf5 Nxc6 44. Rxf8+ Kxf8 45. dxc6 Qxc6 46. Qh5 Kg8 47. Qg5 d5 48. Qd8+ Kf7 49. Bg5 Bf8 50. Qb8 Qd6 51. Qb7+ Kg8 52. f6 Qe6 53. Qa8 Qf7 54. Kf1 e4 55. Qc6 h6 56. Be3 Kh7 57. Bd4 Qh5 58. Qd7+ Kg8 59. Ke1 Qg5 60. Qe6+ Kh8 61. Be3 Qh5 62. Qc8 Kg8 63. Bc5 Qf7 64. Be7 h5 65. Qb8 b3 66. Bxf8 Qxf8 67. Qxb3 Qd6 68. Qb7 Qxf6 69. Qxd5+ Kg7 70. Qb7+ Kh6 71. Qb4 Qe6 72. Qd2+ Kg6 73. Qe3 Qd5 74. b4 Qe5 75. Qg3+ Kf5 76. Qxe5+ Kxe5 77. Ke2 Kd4 78. b5 1-0

[Event "Bucharest-ch"]
[Site "Bucharest"]
[Date "2022.05.21"]
[Round "5"]
[White "Petroff, Vlad"]
[Black "Raducanu, Andrei Augustin"]
[Result "0-1"]
[WhiteElo "1563"]
[BlackElo "1994"]
[PlyCount "126"]
[EventDate "2022.05.19"]
[EventType "swiss"]
[EventRounds "7"]
[EventCountry "ROU"]
[SourceTitle "EXT 2023"]
[Source "ChessBase"]
[SourceDate "2022.10.05"]
[SourceVersion "1"]
[SourceVersionDate "2022.10.05"]
[SourceQuality "1"]

1. e4 c5 2. c3 Nf6 3. e5 Nd5 4. d4 cxd4 5. Qxd4 e6 6. Bd3 Qc7 7. Nf3 Nc6 8. Qe4 Ncb4 9. 0-0 Nxd3 10. Qxd3 d6 11. exd6 Bxd6 12. Rd1 Be7 13. Bg5 Nf6 14. Nbd2 Bd7 15. Qd4 Bc5 16. Qh4 Nd5 17. Ne4 f6 18. c4 fxg5 19. Qxg5 0-0 20. cxd5 Rf5 21. Qc1 Bb6 22. Qxc7 Bxc7 23. dxe6 Bxe6 24. Neg5 Bd5 25. g4 Rxf3 26. Rxd5 Rf4 27. h3 Re8 28. f3 h6 29. Ne4 Rxf3 30. Kg2 Re3 31. Nf2 Re2 32. b3 Rf8 33. Rf5 Rxf5 34. gxf5 Bb6 35. Rf1 Rxa2 36. Kg3 Rxf2 37. Rxf2 Bxf2+ 38. Kxf2 a5 39. Ke3 b5 40. Kd4 a4 41. bxa4 bxa4 42. Kc4 Kf7 43. Kb4 Kf6 44. Kxa4 Kxf5 45. Kb4 Kg5 46. Kc4 Kh4 47. Kd4 Kxh3 48. Ke3 Kg3 49. Ke4 g5 50. Kf5 g4 51. Kg6 Kf3 52. Kh7 h5 53. Kh6 h4 54. Kg5 h3 55. Kh5 h2 56. Kg6 h1Q 57. Kg5 g3 58. Kf5 g2 59. Kg5 g1R+ 60. Kf5 Qh5+ 61. Kf6 Rg6+ 62. Kf7 Qh7+ 63. Kf8 Rg8# 0-1

[Event "ROM-ch"]
[Site "Olanesti"]
[Date "2018.05.14"]
[Round "1"]
[White "Raducanu, Andrei Augustin"]
[Black "Manolache, Marius"]
[Result "0-1"]
[WhiteElo "2063"]
[BlackElo "2499"]
[PlyCount "78"]
[EventDate "2018.05.14"]
[EventType "swiss"]
[EventRounds "9"]
[EventCountry "ROU"]
[SourceTitle "CBM 184 Extra"]
[Source "ChessBase"]
[SourceDate "2018.06.28"]
[SourceVersion "1"]
[SourceVersionDate "2018.06.28"]
[SourceQuality "1"]

1. e4 d6 2. d4 Nf6 3. Nc3 g6 4. Nf3 Bg7 5. Be2 0-0 6. 0-0 Nc6 7. h3 a6 8. a4 d5 9. exd5 Nb4 10. Bc4 Nbxd5 11. Nxd5 Nxd5 12. Re1 e6 13. Ne5 Ne7 14. Bf4 b6 15. c3 Ra7 16. Qb3 Kh8 17. a5 b5 18. Be2 Bb7 19. Qa3 f6 20. Nd3 g5 21. Bh2 Rf7 22. Qc5 Nc8 23. Qa3 Bf8 24. Nc5 Bd5 25. Bg4 f5 26. Bh5 Rg7 27. Be5 c6 28. b4 g4 29. Bxg7+ Rxg7 30. hxg4 Qh4 31. Nxe6 Bd6 32. f4 Re7 33. Qc1 fxg4 34. Ng5 Qxh5 35. Rxe7 Nxe7 36. Qe3 Nf5 37. Qd3 Bxf4 38. Ne4 Bxe4 39. Qxe4 Be3+ 0-1

[Event "ROM-ch"]
[Site "Calimanesti Caciulata"]
[Date "2017.03.26"]
[Round "2"]
[White "Raducanu, Andrei Augustin"]
[Black "Maier, Marius Alin"]
[Result "1-0"]
[WhiteElo "2132"]
[BlackElo "1991"]
[PlyCount "53"]
[EventDate "2017.03.25"]
[EventType "swiss"]
[EventRounds "9"]
[EventCountry "ROU"]
[SourceTitle "CBM 177 Extra"]
[Source "ChessBase"]
[SourceDate "2017.04.27"]
[SourceVersion "1"]
[SourceVersionDate "2017.04.27"]
[SourceQuality "1"]

1. Nf3 d5 2. c4 e6 3. g3 Nf6 4. Bg2 c5 5. 0-0 Nc6 6. cxd5 exd5 7. d4 Be6 8. Nc3 h6 9. Qa4 Qd7 10. Ne5 Nxe5 11. dxe5 Qxa4 12. Nxa4 Nd7 13. f4 g6 14. Rd1 Rd8 15. Nc3 Nb6 16. Nb5 a6 17. Nc7+ Ke7 18. b4 cxb4 19. Be3 Na4 20. Nxd5+ Bxd5 21. Rxd5 Rxd5 22. Bxd5 b5 23. Bb7 a5 24. Rd1 Bg7 25. Bc6 Nc3 26. Bc5+ Ke6 27. Bd7# 1-0

[Event "Eforie Nord Seacoast op 26th"]
[Site "Eforie Nord"]
[Date "2016.06.30"]
[Round "4"]
[White "Raducanu, Andrei Augustin"]
[Black "Itkis, Boris"]
[Result "0-1"]
[WhiteElo "2095"]
[BlackElo "2379"]
[PlyCount "120"]
[EventDate "2016.06.27"]
[EventType "swiss"]
[EventRounds "10"]
[EventCountry "ROU"]
[SourceTitle "EXT 2017"]
[Source "ChessBase"]
[SourceDate "2016.10.25"]
[SourceVersion "1"]
[SourceVersionDate "2016.10.25"]
[SourceQuality "1"]

1. Nf3 Nf6 2. g3 d5 3. Bg2 c6 4. 0-0 Bg4 5. d4 e6 6. Nbd2 Nbd7 7. Qe1 Qb6 8. c4 Be7 9. c5 Qd8 10. e4 dxe4 11. Nxe4 Nxe4 12. Qxe4 Nf6 13. Qf4 Bxf3 14. Bxf3 0-0 15. Bd2 Nd5 16. Qe4 Bg5 17. Bxg5 Qxg5 18. Rfd1 Rfd8 19. a3 Rd7 20. Qe5 Qf6 21. Bxd5 Qxe5 22. dxe5 exd5 23. f4 Re8 24. Kf2 f6 25. exf6 gxf6 26. Re1 Re4 27. Rad1 Rde7 28. b4 Kf7 29. Rxe4 Rxe4 30. Rc1 a6 31. Re1 Rc4 32. Re2 h5 33. Kg2 Rc3 34. Ra2 Kg6 35. Kh3 d4 36. Rd2 d3 37. a4 Ra3 38. a5 Rb3 39. Kg2 Kf5 40. Kf3 Ke6 41. Ke3 Rxb4 42. Kxd3 Kd5 43. Kc3+ Kxc5 44. Rd7 Rb5 45. Rf7 Kd5 46. Rxf6 Ke4 47. Rf7 Rxa5 48. Rxb7 Ra2 49. Rb6 Kd5 50. Rb2 Rxb2 51. Kxb2 c5 52. Kc3 a5 53. Kb3 c4+ 54. Ka3 Ke4 55. Kb2 a4 56. Kb1 a3 57. Kc2 a2 58. Kb2 Kd3 59. f5 c3+ 60. Kxa2 c2 0-1

[Event "ROM-ch"]
[Site "Olanesti"]
[Date "2016.04.08"]
[Round "7"]
[White "Raducanu, Andrei Augustin"]
[Black "Posedaru, Bogdan Stefan"]
[Result "1-0"]
[WhiteElo "2099"]
[BlackElo "2345"]
[PlyCount "58"]
[EventDate "2016.04.02"]
[EventType "swiss"]
[EventRounds "9"]
[EventCountry "ROU"]
[SourceTitle "CBM 171 Extra"]
[Source "ChessBase"]
[SourceDate "2016.04.26"]
[SourceVersion "1"]
[SourceVersionDate "2016.04.26"]
[SourceQuality "1"]

1. Nf3 d5 2. g3 Bg4 3. Bg2 Nd7 4. c4 e6 5. d4 c6 6. Nbd2 Ngf6 7. 0-0 Be7 8. b3 0-0 9. Bb2 a5 10. Ne5 Bf5 11. f3 Nxe5 12. dxe5 Nd7 13. Kh1 Qb6 14. g4 Bg6 15. f4 f5 16. gxf5 Bxf5 17. e4 dxe4 18. Nxe4 Nc5 19. Nd6 Rad8 20. Qd4 Bd3 21. Rf2 Bh4 22. Rd2 Bg6 23. Ba3 Nd7 24. c5 Qa6 25. Bf1 b5 26. Bh3 Kh8 27. Bxe6 Bh5 28. Qe3 g5 29. Nxb5 gxf4 1-0

[Event "ROM-chT2"]
[Site "Calimanesti"]
[Date "2014.11.13"]
[Round "6.6"]
[White "Cimpean, Andra"]
[Black "Raducanu, Andrei Augustin"]
[Result "0-1"]
[WhiteElo "1927"]
[BlackElo "2061"]
[PlyCount "74"]
[EventDate "2014.11.08"]
[EventType "team-tourn"]
[EventRounds "9"]
[EventCountry "ROU"]
[SourceTitle "CBM 163 Extra"]
[Source "ChessBase"]
[SourceDate "2014.12.23"]
[SourceVersion "1"]
[SourceVersionDate "2014.12.23"]
[SourceQuality "1"]
[WhiteTeam "Satu Mare Apollo"]
[BlackTeam "Targoviste Chindia"]
[WhiteTeamCountry "ROU"]
[BlackTeamCountry "ROU"]

1. e4 g6 2. d4 Bg7 3. Nc3 d6 4. Be3 Nf6 5. f3 c6 6. Qd2 Nbd7 7. 0-0-0 0-0 8. Bh6 b5 9. h4 e5 10. Bxg7 Kxg7 11. g4 Qa5 12. h5 b4 13. hxg6 fxg6 14. Qh6+ Kh8 15. Nb1 Rg8 16. Nh3 Rg7 17. Ng5 Nb6 18. Rd2 Rb8 19. Qh2 Bd7 20. b3 Re8 21. dxe5 Qxe5 22. Qxe5 Rxe5 23. Nh3 d5 24. g5 Nh5 25. exd5 Ng3 26. Nf2 Nxh1 27. Nxh1 Nxd5 28. Kb2 Rxg5 29. Bc4 Ne3 30. Bd3 Rg2 31. Nf2 Rxf2 32. Rxf2 Nd1+ 33. Kc1 Nxf2 34. Bf1 Re7 35. Kd2 Nh3 36. c4 Bf5 37. Bxh3 Bxb1 0-1

[Event "ROM-chT2"]
[Site "Olanesti"]
[Date "2013.10.12"]
[Round "1.3"]
[White "Raducanu, Andrei Augustin"]
[Black "Gulie, Cosmin"]
[Result "1/2-1/2"]
[WhiteElo "2081"]
[BlackElo "2089"]
[PlyCount "82"]
[EventDate "2013.10.12"]
[EventType "team-tourn"]
[EventRounds "9"]
[EventCountry "ROU"]
[SourceTitle "EXT 2014"]
[Source "ChessBase"]
[SourceDate "2013.11.20"]
[SourceVersion "1"]
[SourceVersionDate "2013.11.20"]
[SourceQuality "1"]
[WhiteTeam "Targoviste Chindia"]
[BlackTeam "Targoviste University"]
[WhiteTeamCountry "ROU"]
[BlackTeamCountry "ROU"]

1. Nf3 Nf6 2. g3 g6 3. Bg2 Bg7 4. c4 c5 5. 0-0 0-0 6. Nc3 d6 7. d4 cxd4 8. Nxd4 a6 9. b3 Qc7 10. Bb2 Nc6 11. Rc1 Nxd4 12. Qxd4 Be6 13. Na4 Nh5 14. Qd2 Bxb2 15. Qxb2 Rad8 16. Qd4 Bd7 17. Qb6 Qxb6 18. Nxb6 Bc6 19. Nd5 Bxd5 20. cxd5 Rc8 21. Bh3 f5 22. e4 Ng7 23. Rfe1 Kf7 24. f3 a5 25. Kf2 b6 26. a3 Rc5 27. b4 axb4 28. axb4 Rxc1 29. Rxc1 fxe4 30. fxe4 Rb8 31. Rc6 Kf6 32. Ke3 Ke5 33. Rc7 Kf6 34. Rc6 Rb7 35. Kd4 Kf7 36. Bc8 Rb8 37. Kc4 b5+ 38. Kd4 Ra8 39. Ba6 Rb8 40. Rc7 Ne8 41. Rc6 Nf6 1/2-1/2

[Event "Bucharest Gaudeamus Cup 3rd"]
[Site "Bucharest"]
[Date "2011.06.17"]
[Round "1"]
[White "Raducanu, Andrei Augustin"]
[Black "Vladescu, Viorel Ovidiu"]
[Result "1-0"]
[WhiteElo "2126"]
[BlackElo "1817"]
[PlyCount "81"]
[EventDate "2011.06.17"]
[EventType "swiss"]
[EventRounds "5"]
[EventCountry "ROU"]
[SourceTitle "CBM 143 Extra"]
[Source "ChessBase"]
[SourceDate "2011.08.29"]
[SourceVersion "1"]
[SourceVersionDate "2011.08.29"]
[SourceQuality "1"]

1. e4 c5 2. Nf3 Nc6 3. Bb5 Qc7 4. c3 e5 5. 0-0 d6 6. Re1 Bg4 7. h3 Bxf3 8. Qxf3 Nf6 9. a4 a6 10. Bc4 Na5 11. Na3 Nxc4 12. Nxc4 a5 13. d3 Be7 14. Bg5 h6 15. Bd2 0-0 16. Ne3 Nh7 17. Nf5 Bg5 18. Qg3 Kh8 19. h4 Bf6 20. Qh3 h5 21. Ne3 Qd8 22. g3 g6 23. Nd5 Bg7 24. Reb1 f5 25. b4 b6 26. bxa5 bxa5 27. c4 Nf6 28. Bg5 fxe4 29. dxe4 Rb8 30. Bxf6 Bxf6 31. Rb5 Rf7 32. Rab1 Rxb5 33. axb5 Kg7 34. Qe6 Qb8 35. b6 Bd8 36. Qe8 Qc8 37. b7 Rxb7 38. Rxb7+ Qxb7 39. Qxd8 Qb1+ 40. Kh2 Qf1 41. Qf6+ 1-0

[Event "Bucharest Gaudeamus Cup 1st"]
[Site "Bucharest"]
[Date "2011.03.27"]
[Round "4"]
[White "Vrajitoru, Vlad Laurentiu Flor"]
[Black "Raducanu, Andrei Augustin"]
[Result "0-1"]
[WhiteElo "1825"]
[BlackElo "2086"]
[PlyCount "64"]
[EventDate "2011.03.25"]
[EventType "swiss"]
[EventRounds "5"]
[EventCountry "ROU"]
[SourceTitle "CBM 141 Extra"]
[Source "ChessBase"]
[SourceDate "2011.05.03"]
[SourceVersion "1"]
[SourceVersionDate "2011.05.03"]
[SourceQuality "1"]

1. d4 Nf6 2. c4 g6 3. Nc3 Bg7 4. e4 d6 5. f3 0-0 6. Be3 e5 7. d5 Nh5 8. Nge2 f5 9. exf5 gxf5 10. f4 exf4 11. Bxf4 Qe7 12. Qd2 Nxf4 13. Qxf4 Rf6 14. Kd1 Rg6 15. h3 Bh6 16. Qf3 Qg5 17. Qd3 Nd7 18. Kc2 Nc5 19. Qd4 f4 20. Ng1 Bg7 21. Qd2 Bf5+ 22. Kd1 Ne4 23. Nxe4 Bxe4 24. Nf3 Qf6 25. Kc1 Re8 26. Qf2 Bxf3 27. gxf3 Re1+ 28. Qxe1 Qxb2+ 29. Kd1 Qxa1+ 30. Ke2 Qxa2+ 31. Kd3 Qb3+ 32. Ke2 Qc2+ 0-1

[Event "Bucharest Gaudeamus Cup 1st"]
[Site "Bucharest"]
[Date "2011.03.26"]
[Round "2"]
[White "Popescu, Bogdan Constantin"]
[Black "Raducanu, Andrei Augustin"]
[Result "0-1"]
[WhiteElo "1786"]
[BlackElo "2086"]
[PlyCount "64"]
[EventDate "2011.03.25"]
[EventType "swiss"]
[EventRounds "5"]
[EventCountry "ROU"]
[SourceTitle "CBM 141 Extra"]
[Source "ChessBase"]
[SourceDate "2011.05.03"]
[SourceVersion "1"]
[SourceVersionDate "2011.05.03"]
[SourceQuality "1"]

1. e4 g6 2. Nf3 Bg7 3. Bc4 c6 4. 0-0 d5 5. exd5 cxd5 6. Bb5+ Nd7 7. d4 Ngf6 8. Nc3 0-0 9. Re1 a6 10. Bxd7 Bxd7 11. Bg5 Bf5 12. Nd2 h6 13. Bf4 b6 14. h3 Re8 15. g4 Be6 16. Nf3 Qc8 17. Ne5 g5 18. Bg3 Nd7 19. f4 Nxe5 20. dxe5 gxf4 21. Bxf4 Qc5+ 22. Kh2 Qf2+ 23. Kh1 Qxf4 24. Qe2 Qg3 25. Qd3 Bxe5 26. Re2 Qxd3 27. cxd3 Bxc3 28. bxc3 Rac8 29. Rc1 Rc6 30. d4 Rec8 31. Rec2 b5 32. a3 a5 0-1

[Event "ROM-ch"]
[Site "Amara"]
[Date "2007.02.17"]
[Round "2"]
[White "Bach, Adrian"]
[Black "Raducanu, Andrei Augustin"]
[Result "1-0"]
[WhiteElo "2273"]
[BlackElo "2104"]
[PlyCount "63"]
[EventDate "2007.02.16"]
[EventType "swiss"]
[EventRounds "9"]
[EventCountry "ROU"]
[SourceTitle "CBM 117 Extra"]
[Source "ChessBase"]
[SourceDate "2007.05.09"]
[SourceVersion "1"]
[SourceVersionDate "2007.05.09"]
[SourceQuality "1"]

1. e4 c5 2. Nf3 e6 3. d4 cxd4 4. Nxd4 Nc6 5. Nb5 d6 6. c4 a6 7. N5c3 Nf6 8. Be2 Be7 9. 0-0 0-0 10. a3 Qc7 11. Be3 b6 12. Nd2 Qa7 13. f4 Rb8 14. b4 Rd8 15. Rc1 Bb7 16. Bf3 Ba8 17. Rf2 Rd7 18. Nb3 Bf8 19. Rd2 Ne7 20. g4 Rbd8 21. g5 Ne8 22. Bg4 Qb7 23. Nd4 Rc7 24. Nxe6 fxe6 25. Bxe6+ Kh8 26. f5 Nc6 27. Nd5 Ne7 28. Bd4 Nxd5 29. exd5 Re7 30. Qh5 Rxe6 31. fxe6 Kg8 32. Rf1 1-0

[Event "Predeal op"]
[Site "Predeal"]
[Date "2006.08.14"]
[Round "4"]
[White "Raducanu, Andrei Augustin"]
[Black "Suciu, Dinu Simi"]
[Result "1-0"]
[WhiteElo "2157"]
[BlackElo "2308"]
[PlyCount "121"]
[EventDate "2006.08.12"]
[EventType "swiss"]
[EventRounds "9"]
[EventCountry "ROU"]
[SourceTitle "CBM 113 Extra"]
[Source "ChessBase"]
[SourceDate "2006.09.14"]
[SourceVersion "1"]
[SourceVersionDate "2006.09.14"]
[SourceQuality "1"]

1. e4 c6 2. d4 g6 3. c4 Bg7 4. Nc3 d6 5. g3 a6 6. a4 a5 7. Nge2 Na6 8. Bg2 Nf6 9. h3 0-0 10. 0-0 e5 11. Be3 Nd7 12. f4 Re8 13. Qd2 exd4 14. Bxd4 f6 15. Rad1 Qe7 16. Nc1 Ndc5 17. Bf2 Bf8 18. b3 Be6 19. Rfe1 Rad8 20. Kh2 Qc7 21. Qb2 Bg7 22. Bd4 Bc8 23. N3a2 Qf7 24. Qc3 b6 25. Nd3 Bb7 26. Nf2 Rf8 27. Re2 Nc7 28. Qb2 h5 29. h4 Bc8 30. Nc1 N7e6 31. Bc3 Na6 32. e5 dxe5 33. fxe5 Rxd1 34. Nxd1 c5 35. exf6 Bxf6 36. Rf2 Bxc3 37. Qxc3 Qg7 38. Rxf8+ Kxf8 39. Qf3+ Qf7 40. Qa8 Qc7 41. Ne3 Nb4 42. Ne2 Nd4 43. Nf4 Kg7 44. Ned5 Nxd5 45. Nxd5 Qd8 46. Qa7+ Kh6 47. Nxb6 Bg4 48. Qxa5 Nxb3 49. Qc3 Nd4 50. Qe3+ Kh7 51. Nd5 Be6 52. Qe5 Bxd5 53. Qxd5 Qa5 54. Qf7+ Kh6 55. Qf6 Kh7 56. Be4 Nf5 57. Qf7+ Kh6 58. Qf8+ Kh7 59. Bxf5 gxf5 60. Qxf5+ Kh8 61. Qxh5+ 1-0

[Event "Centrocoop op"]
[Site "Eforie Nord"]
[Date "2000.??.??"]
[Round "?"]
[White "Aldea, Laurentiu Ioan"]
[Black "Raducanu, Andrei Augustin"]
[Result "1-0"]
[WhiteElo "2220"]
[BlackElo "1725"]
[PlyCount "112"]
[EventDate "2000.??.??"]
[EventType "swiss"]
[EventRounds "9"]
[EventCountry "ROU"]
[SourceTitle "EXT 2004"]
[Source "ChessBase"]
[SourceDate "2003.11.25"]
[SourceVersion "1"]
[SourceVersionDate "2003.11.25"]
[SourceQuality "1"]

1. e4 c5 2. Nf3 d6 3. d4 cxd4 4. Nxd4 Nf6 5. Nc3 Nc6 6. Bg5 Qb6 7. Nb3 Ng4 8. Qd2 h6 9. Bh4 g5 10. Bg3 Bg7 11. Nd5 Qd8 12. c3 Nf6 13. Nxf6+ Bxf6 14. Be2 Be6 15. 0-0 Qb6 16. Kh1 Bxb3 17. axb3 Qxb3 18. Ra3 Qe6 19. Bb5 Kf8 20. Qe2 h5 21. Bc4 Qd7 22. f3 Kg7 23. f4 h4 24. fxg5 hxg3 25. gxf6+ Kg6 26. Qf3 Ne5 27. Qxg3+ Qg4 28. Qxg4+ Nxg4 29. fxe7 Nxh2 30. Bxf7+ Kg7 31. Rf5 Ng4+ 32. Kg1 Nf6 33. Rxf6 Kxf6 34. e8Q Rhxe8 35. Bxe8 Rxe8 36. Rxa7 Re7 37. Kf2 Kg5 38. Kf3 Kh4 39. Ra5 Rg7 40. Rd5 Rg3+ 41. Kf2 Rg6 42. Rd3 Rf6+ 43. Rf3 Re6 44. Rf4+ Kg5 45. Ke3 Rh6 46. Rf7 b6 47. Rb7 Rg6 48. Rxb6 Kh4 49. Kd4 Rxg2 50. b4 Rd2+ 51. Ke3 Rd1 52. Ke2 Rc1 53. Kd2 Rg1 54. Rxd6 Rg3 55. b5 Rg5 56. c4 Rg7 1-0

[Event "Centrocoop op"]
[Site "Eforie Nord"]
[Date "2000.??.??"]
[Round "?"]
[White "Raducanu, Andrei Augustin"]
[Black "Buescu, Neculai"]
[Result "1-0"]
[WhiteElo "1725"]
[BlackElo "2230"]
[PlyCount "91"]
[EventDate "2000.??.??"]
[EventType "swiss"]
[EventRounds "9"]
[EventCountry "ROU"]
[SourceTitle "EXT 2004"]
[Source "ChessBase"]
[SourceDate "2003.11.25"]
[SourceVersion "1"]
[SourceVersionDate "2003.11.25"]
[SourceQuality "1"]

1. e4 e6 2. d4 d5 3. Nd2 dxe4 4. Nxe4 Bd7 5. Nf3 Bc6 6. Bd3 Nd7 7. 0-0 Ngf6 8. Qe2 Be7 9. Rd1 0-0 10. Ne5 Bxe4 11. Nxd7 Bxd3 12. Nxf6+ Bxf6 13. Rxd3 Qd6 14. Qe4 Qd5 15. Qg4 Rfd8 16. Bf4 c5 17. dxc5 Qxc5 18. Qe2 Rxd3 19. Qxd3 Rd8 20. Qb3 Qd4 21. g3 b6 22. c3 Qd3 23. Re1 h5 24. Qa4 h4 25. Qe4 Qxe4 26. Rxe4 h3 27. Kf1 Rd1+ 28. Re1 Rd5 29. Ke2 g5 30. Be3 Be7 31. Rd1 Rxd1 32. Kxd1 f5 33. f4 gxf4 34. gxf4 Bh4 35. Bg1 Kf7 36. Ke2 Kg6 37. Kf3 Kh5 38. c4 Bf6 39. b4 e5 40. c5 e4+ 41. Kg3 bxc5 42. bxc5 Bd8 43. c6 Bc7 44. Bxa7 Kg6 45. Bd4 Kf7 46. Be5 1-0

[Event "Centrocoop op"]
[Site "Eforie Nord"]
[Date "2000.??.??"]
[Round "?"]
[White "Raducanu, Andrei Augustin"]
[Black "Duminica, Mariana"]
[Result "1/2-1/2"]
[WhiteElo "1725"]
[BlackElo "2080"]
[PlyCount "111"]
[EventDate "2000.??.??"]
[EventType "swiss"]
[EventRounds "9"]
[EventCountry "ROU"]
[SourceTitle "EXT 2004"]
[Source "ChessBase"]
[SourceDate "2003.11.25"]
[SourceVersion "1"]
[SourceVersionDate "2003.11.25"]
[SourceQuality "1"]

1. e4 e6 2. d4 d5 3. Nd2 Be7 4. e5 c5 5. dxc5 Nc6 6. f4 Bxc5 7. Ngf3 Qb6 8. Qe2 Nh6 9. Nb3 Be7 10. Be3 Qc7 11. c3 Nf5 12. Bf2 h5 13. Qc2 Bd7 14. Bd3 g6 15. Nfd4 Ncxd4 16. Nxd4 Nxd4 17. Bxd4 0-0-0 18. Qf2 b6 19. b4 Ba4 20. 0-0 Kb8 21. Qb2 Qd7 22. b5 Rc8 23. Rab1 Rc7 24. Rf2 Rhc8 25. Rd2 Qe8 26. Bf1 Qf8 27. Rd3 Ba3 28. Qd2 Be7 29. Bf2 Bc5 30. Bd4 Qe8 31. Qb2 Qe7 32. Kh1 Ba3 33. Qd2 Qf8 34. Bg1 Bc5 35. Rf3 Ba3 36. Bd4 Bc5 37. Rd3 Qe8 38. Qb2 Qe7 39. Bxc5 Qxc5 40. Rf3 d4 41. c4 a6 42. bxa6 Ka7 43. Qa3 Bc2 44. Rb2 d3 45. Qxc5 Rxc5 46. Bxd3 Bxd3 47. Rxd3 Rxc4 48. Rd7+ Kxa6 49. g3 R8c7 50. Rbd2 Ka5 51. Rxc7 Rxc7 52. Kg2 b5 53. Kh3 b4 54. Kh4 Ka4 55. Kg5 Ka3 56. Kf6 1/2-1/2